| 000 | 00673nam a22002055i 4500 | ||
|---|---|---|---|
| 001 | 177109 | ||
| 003 | ES-MaACL | ||
| 005 | 20230906220245.0 | ||
| 008 | 110303s1966 sp |||| | cat d | ||
| 080 | _a821.134.1-311.2"19" | ||
| 100 | 1 |
_aBertrana, Aurora. _928513 |
|
| 245 | 1 | 0 |
_aFracàs / _cAurora Bertrana. |
| 260 |
_aMadrid ; Barcelona : _bAlfaguara, _cimp. 1966. |
||
| 300 |
_a100 p. ; _c17 cm. |
||
| 490 | 1 |
_aLa novel·la popular. Contemporània, inèdita, catalana ; _v3 |
|
| 546 | _aTexto en catalán. | ||
| 830 | 0 |
_aLa novel·la popular. Contemporània, inèdita, catalana ; _v3 _9190353 |
|
| 852 |
_aES-MaACL _jE-14532 _xOlim P-1333 |
||
| 999 |
_c177109 _d177109 |
||